000 00522nam a2200205 i 4500
001 4579557
005 20180129051032.0
008 760426m19769999mdua b 000 0 eng
010 _a 75009392
040 _aDLC
_cDLC
_dDLC
041 _aeng
080 _a617.6 CLA
082 0 0 _a617.6 CLA
100 _a5
101 _aSTO
245 0 0 _aClinical dentistry /
_ceditor, James W. Clark.
504 _aIncludes bibliographical references.
906 _a7
_bcbc
_corignew
_d2
_eocip
_f19
_gy-gencatlg
942 _2ddc
_cBK
999 _c41140
_d41140